| Tag |
First Indicator |
Second Indicator |
Subfields |
| LEADER |
00000pam a22000004a 4500 |
| 001 |
in00002000983 |
| 005 |
20151031125406.0 |
| 008 |
040521s2004 enka b 000 0 eng |
| 010 |
|
|
|a 2004012210
|
| 015 |
|
|
|a GBA4-Z9875
|
| 019 |
|
|
|a 56700906
|
| 020 |
|
|
|a 019516749X (hardcover : alk. paper)
|
| 020 |
|
|
|a 0195167503 (pbk. : alk. paper)
|
| 029 |
1 |
|
|a UKM
|b bA4Z9875
|
| 035 |
|
|
|a (OCoLC)ocm53871235
|
| 040 |
|
|
|a DLC
|c DLC
|d UKM
|d C#P
|d UtOrBLW
|
| 042 |
|
|
|a pcc
|
| 049 |
|
|
|a TXAM
|
| 050 |
0 |
0 |
|a ML3797.1
|b .E47 2004
|
| 082 |
0 |
0 |
|a 780/.72
|2 22
|
| 245 |
0 |
0 |
|a Empirical musicology :
|b aims, methods, prospects /
|c edited by Eric Clarke and Nicholas Cook.
|
| 264 |
|
1 |
|a Oxford ;
|a New York :
|b Oxford University Press,
|c 2004.
|
| 300 |
|
|
|a viii 229 pages :
|b illustrations ;
|c 25 cm.
|
| 336 |
|
|
|a text
|b txt
|2 rdacontent
|
| 337 |
|
|
|a unmediated
|b n
|2 rdamedia
|
| 338 |
|
|
|a volume
|b nc
|2 rdacarrier
|
| 504 |
|
|
|a Includes bibliographical references.
|
| 505 |
0 |
|
|a Introduction : What is empirical musicology? / Nicholas Cook and Eric Clarke -- Documenting the musical event : observation, participation, representation / Jonathan Stock -- Musical practice and social structure : a toolkit / Tia DeNora -- Music as social behavior / Jane Davidson -- Empirical methods in the study of performance / Eric Clarke -- Computational and comparative musicology / Nicholas Cook -- Modeling musical structure / Anthony Pople -- Analyzing musical sound / Stephen McAdams, Phillipe Depalle, and Eric Clarke -- Data collection, experimental design, and statistics in musical research / Luke Windsor.
|
| 650 |
|
0 |
|a Musicology.
|
| 650 |
|
0 |
|a Empiricism.
|
| 700 |
1 |
|
|a Clarke, Eric F.
|
| 700 |
1 |
|
|a Cook, Nicholas,
|d 1950-
|
| 945 |
|
|
|i PromptCat
|
| 948 |
|
|
|a cataloged
|b h
|c 2004/11/5
|d c
|e cmulkey
|f 9:24:25 am
|
| 994 |
|
|
|a 92
|b TXA
|
| 999 |
|
|
|a MARS
|
| 999 |
f |
f |
|s b11dff3c-faad-38e8-b611-377fbd7f78c6
|i 6ce685d3-8579-348e-9449-b9c0c59664d0
|t 0
|
| 952 |
f |
f |
|p normal
|a Texas A&M University
|b College Station
|c Sterling C. Evans Library
|d Evans: Library Stacks
|t 0
|e ML3797.1 .E47 2004
|h Library of Congress classification
|i unmediated -- volume
|m A14831599005
|
| 998 |
f |
f |
|a ML3797.1 .E47 2004
|t 0
|l Evans: Library Stacks
|